| 000 | 00000nam##2200000za#4500 |
| 001 | 9.625478 |
| 003 | CaOODSP |
| 005 | 20200706134927 |
| 007 | ta |
| 008 | 150406|2000||||xxc||||| f|0| 0 fre|d |
| 020 | |a0-660-96430-9 |
| 022 | |a1200-5231 |
| 040 | |aCaOODSP|bfre |
| 043 | |an-cn--- |
| 086 | 1 |aCS11-0019/156F |
| 245 | 00|aIncidence du commerce international sur les salaires des Canadiens / |cpar Omar Zakhilwal. |
| 260 | |aOttawa - Ontario : |bStatistique Canada. |c2000. |
| 300 | |a16p. : |bréférences, tableaux ; |c28 cm. |
| 490 | 1 |aDocuments de recherche|x1200-5231|v156 |
| 500 | |a«Mon propos est d'examiner l'évolution des salaires des travailleurs instruits et moins instruits dans la première partie de la décennie 1990, plus particulièrement sous l'angle de l'incidence du commerce international.»--Page 1. |
| 563 | |aCouverture souple |
| 590 | |a01-03|b2001-01-19 |
| 710 | 2 |aStatistique Canada. |bDirection des études analytiques. |
| 720 | 1 |aZakhilwal, Omar |
| 776 | 0#|tIncidence du commerce international sur les salaires des Canadiens / |w(CaOODSP)9.590765 |
| 830 | #0|aDocuments de recherche,|x1200-5231|v156|w(CaOODSP)9.512877 |